Car Logos - Statistics

General Stats
  • This quiz has been taken 140 times
    129 since last reset
  • The average score is 23 of 28
Answer Stats
Picture Answer % Correct
BMW
99%
Mercedes
97%
Toyota
97%
Audi
96%
Honda
96%
Lexus
94%
Tesla
94%
Lamborghini
93%
Ferrari
92%
Chevrolet
90%
Nissan
90%
Mitsubishi
88%
Dodge
87%
Mazda
87%
Subaru
87%
Volkswagen
87%
Porsche
85%
Volvo
84%
Cadillac
80%
Infiniti
78%
Suzuki
77%
Peugeot
76%
Opel
72%
Renault
71%
Buick
66%
Acura
65%
Lincoln
63%
Lada
30%
No matching quizzes found
Score Distribution
Percent of People with Each Score
Percentile by Number Answered
Your Score History
You have not taken this quiz since the last reset